Образцовая кухня и практическая школа домашнего хозяйства: 3000 рецептов

Xehetasun bibliografikoak
Hizkuntza:errusiera
Argitaratua: Москва, Голос, 1892
Gaiak:
Formatua: Liburua
KOHA link:https://koha.lib.tpu.ru/cgi-bin/koha/opac-detail.pl?biblionumber=138385

MARC

LEADER 00000nam0a2200000 4500
001 138385
005 20231031141428.0
010 |a 5705508435 
020 |a RU  |b 91-49059 
035 |a (RuTPU)RU\TPU\book\149946 
090 |a 138385 
100 |a 20080524d1892 m a0rusy5003 ca 
101 0 |a rus 
102 |a RU 
105 |a a z 000zy 
200 1 |a Образцовая кухня и практическая школа домашнего хозяйства  |e 3000 рецептов  |f сост. П. Ф. Симоненко 
210 |a Москва  |c Голос  |d 1892 
215 |a 736 с.  |c ил. 
610 1 |a кулинария 
610 1 |a рецептура 
610 1 |a домашнее хозяйство 
675 |a 64  |v 3 
686 |a Ч611.68  |2 rubbk 
801 0 |a RU  |b RuMRKP  |c 19950417  |g psbo 
801 1 |a RU  |b 63413507  |c 20080524  |g PSBO 
801 2 |a RU  |b 63413507  |c 20081216  |g PSBO 
942 |c BK